000 01217nam a2200265 a 4500
001 38246
003 BD-RjUL
005 20211209052745.0
008 160528s2000 bg a|||| |||| 00| 0 ben d
020 _a9848090010
_c: Tk. 240.00
035 _a(BD-RjUL)38351
040 _aBD-RjUL
_bben
_cBD-RjUL
_dBD-RjUL
041 _aben
082 _a330.95492
_bKHB 2000
_223
100 _aখান, মোঃ শামসুল কবীর
_9117037
245 1 0 _aবাংলাদেশের অর্থনীতি /
_cমোঃ শামসুল কবীর খান
250 _a২য় পরিমার্জিত ও পরিবর্ধিত সং.
260 _aঢাকা :
_bবাংলাদেশ বিশ্ববিদ্যালয় মঞ্জুরী কমিশন,
_c২০০০.
300 _a৬১৪ পৃ. :
_bচিত্র ;
_c২১ সেমি.
490 _aবিমক প্রকাশনা ;
_vনং ৬৮
651 _aবাংলাদেশ
_xঅর্থনৈতিক অবস্থা
_9118245
651 _aBangladesh
_xEconomic conditions
_9117417
830 _aবিমক প্রকাশনা ;
_vনং ৬৮
_9222315
942 _2ddc
_cBK
_01
999 _c38246
_d38246